Sports Quiz

Random Sports or Basketball Quiz

NBA Bobblehead is Back (video) Quiz Stats

 Plays Quiz not verified by Sporcle

Score 0/13 Timer 02:00
0 Plays Today
Player % Correct
Derrick Rose
96.5%
Blake Griffin
93.9%
Kevin Garnett
92.9%
Kevin Durant
92.4%
Steve Nash
91.9%
Rajon Rondo
90.4%
John Wall
88.9%
Lamar Odom
88.9%
Jason Kidd
87.4%
Dirk Nowitzki
87.4%
Stephen Curry
86.9%
Grant Hill
83.8%
Monta Ellis
67.7%

You're not logged in!

Compare scores with friends on all Sporcle quizzes.
OR
Log In

You Might Also Like...

Show Comments

Extras

Top Quizzes Today


Score Distribution

Your Account Isn't Verified!

In order to create a playlist on Sporcle, you need to verify the email address you used during registration. Go to your Sporcle Settings to finish the process.

Report this User

Report this user for behavior that violates our Community Guidelines.

Details: